It had to be you

Guardat en:
Dades bibliogràfiques
Autor principal: PHILLIPS, Susan Elizabeth
Format: Llibre
Idioma:anglès
Publicat: HarperCollins Publishers 1994
Etiquetes: Afegir etiqueta
Sense etiquetes, Sigues el primer a etiquetar aquest registre!

MARC

LEADER 00000nam a22000007a 4500
008 201221b ||||| |||| 00| 0 eng d
020 |a 978-0-06-155581-7 
100 |a PHILLIPS, Susan Elizabeth 
245 |a It had to be you  |c Susan Eizabeth Phillips  |g viii, 381p. 
260 |b HarperCollins Publishers  |c 1994  |h New York  |i 675339  |l PS3566 .H522P54  |m Football team owners – Illinois – Chicago – Fiction  |m Football coaches – Illinois – Chicago – Fiction.  |m Man – Woman relationships – Illinois – Chicago – Fiction. 
942 |a lcc  |c BK  |e Kuteyi, M. A.  |f 21/12/2020 
952 |0 0  |1 0  |2 lcc  |4 0  |6 PS3566 H522 P54  |7 0  |9 983  |a HOL  |b HOL  |c LP  |d 2020-12-21  |l 0  |o PS3566 .H522P54  |p 2020-230208  |r 2020-12-21 00:00:00  |w 2020-12-21  |y BK 
999 |c 505  |d 505